<?xml version="1.0" encoding="UTF-8"?>
<record
    xmlns:xsi="http://www.w3.org/2001/XMLSchema-instance"
    xsi:schemaLocation="http://www.loc.gov/MARC21/slim http://www.loc.gov/standards/marcxml/schema/MARC21slim.xsd"
    xmlns="http://www.loc.gov/MARC21/slim">

  <leader>01506nab a2200289 i 4500</leader>
  <controlfield tag="003">DO-SdBNP</controlfield>
  <controlfield tag="005">20260116143125.0</controlfield>
  <controlfield tag="007">ta</controlfield>
  <controlfield tag="008">260116e2025    dr ao||fr|||||||| ||spa d</controlfield>
  <datafield tag="022" ind1=" " ind2=" ">
    <subfield code="a">3060-9593</subfield>
  </datafield>
  <datafield tag="040" ind1=" " ind2=" ">
    <subfield code="a">DO-SdBNP</subfield>
    <subfield code="b">spa</subfield>
    <subfield code="c">BNPHU</subfield>
    <subfield code="e">rda</subfield>
  </datafield>
  <datafield tag="041" ind1=" " ind2=" ">
    <subfield code="a">spa</subfield>
  </datafield>
  <datafield tag="245" ind1=" " ind2=" ">
    <subfield code="a">Blastomicosis pulmonar : </subfield>
    <subfield code="b">la lucha en los pulmones contra un hongo silencioso; a prop&#xF3;sito de un caso.</subfield>
  </datafield>
  <datafield tag="250" ind1=" " ind2=" ">
    <subfield code="a">Cuarta edici&#xF3;n. </subfield>
  </datafield>
  <datafield tag="264" ind1=" " ind2=" ">
    <subfield code="a">Santiago de los Caballeros, Rep&#xFA;blica Dominicana : </subfield>
    <subfield code="b">Cl&#xED;nica Universitaria Uni&#xF3;n M&#xE9;dica del Norte,  </subfield>
    <subfield code="c">2025.</subfield>
  </datafield>
  <datafield tag="300" ind1=" " ind2=" ">
    <subfield code="a">volumen : </subfield>
    <subfield code="b">ilustraciones, fotograf&#xED;as ; </subfield>
    <subfield code="c">27 cm.</subfield>
  </datafield>
  <datafield tag="310" ind1=" " ind2=" ">
    <subfield code="a">Anual.</subfield>
  </datafield>
  <datafield tag="336" ind1=" " ind2=" ">
    <subfield code="a">texto</subfield>
    <subfield code="b">txt</subfield>
    <subfield code="2">rdacontent</subfield>
  </datafield>
  <datafield tag="337" ind1=" " ind2=" ">
    <subfield code="a">sin mediaci&#xF3;n </subfield>
    <subfield code="b">n</subfield>
    <subfield code="2">rdamedia</subfield>
  </datafield>
  <datafield tag="338" ind1=" " ind2=" ">
    <subfield code="a">volumen</subfield>
    <subfield code="b">nc</subfield>
    <subfield code="2">rdacarrier</subfield>
  </datafield>
  <datafield tag="362" ind1=" " ind2=" ">
    <subfield code="a">Vol 2. No. 2. Enero-Diciembre 2025.</subfield>
  </datafield>
  <datafield tag="520" ind1=" " ind2=" ">
    <subfield code="a">La blastomicosis pulmonar es una infecci&#xF3;n f&#xFA;ngica poco frecuente cauda por Blastomyces dermatitidis, end&#xE9;mica en ciertas regiones de Am&#xE9;rica del Norte y habitualmente asociada a inmunosupresi&#xF3;n. Su presentaci&#xF3;n en individuos inmunocompetentes y fuera de zonas end&#xE9;micas constituye un desaf&#xED;o diagnostico considerable.</subfield>
  </datafield>
  <datafield tag="650" ind1=" " ind2="0">
    <subfield code="a">Blastomicosis</subfield>
    <subfield code="x">Enfermedades pulmonal </subfield>
    <subfield code="v">Publicaciones peri&#xF3;dicas </subfield>
    <subfield code="9">88885</subfield>
  </datafield>
  <datafield tag="650" ind1=" " ind2="0">
    <subfield code="a">Micosis pulmonal </subfield>
    <subfield code="x">Enfermedades pulmonal </subfield>
    <subfield code="v">Publicaciones peri&#xF3;dicas </subfield>
    <subfield code="9">88886</subfield>
  </datafield>
  <datafield tag="773" ind1="0" ind2=" ">
    <subfield code="0">58073</subfield>
    <subfield code="9">333907</subfield>
    <subfield code="a">Uni&#xF3;n M&#xE9;dica del Norte</subfield>
    <subfield code="b">Tercera edici&#xF3;n, diciembre 2024.</subfield>
    <subfield code="o">2026-0097</subfield>
    <subfield code="t">Revista m&#xE9;dico-cient&#xED;fica /</subfield>
    <subfield code="x">3060-9593</subfield>
  </datafield>
  <datafield tag="942" ind1=" " ind2=" ">
    <subfield code="2">ddc</subfield>
    <subfield code="c">ISSUE</subfield>
  </datafield>
  <datafield tag="999" ind1=" " ind2=" ">
    <subfield code="c">60117</subfield>
    <subfield code="d">60117</subfield>
  </datafield>
</record>
